Personnages de Cendrillon par images - Statistiques

Statistiques générales
  • Ce quiz a été pris 372 fois
  • Le résultat moyen est 9 sur 16
Statistiques - réponses
Par images Réponse % Correct
Cendrillon
100%
Le Prince
92%
Gus
89%
Marraine la Bonne Fée
88%
Javotte
84%
Anastasie
76%
Lucifer
72%
Le Roi
68%
Jaq
61%
Madame de Trémaine
55%
Pataud
36%
Le Boulanger
22%
Marie
19%
Le Grand-duc
17%
Prudence
7%
Béatrice
2%
Aucun quiz correspondant
Distribution des résultats
% des personnes avec chaque résultat
Percentile par nombre de réponses
Votre historique - résultats
Vous n’avez pas pris ce quiz